• 首页
  • 本馆介绍
  • 公告通知
  • 最新文献
  • 馆藏检索
  • 电子资源
  • 读者导购
  • 参考咨询
  • 我的图书馆
  • 登录
  • 详细信息显示
  • 放入我的书架
  • 预约/预借图书
  • 作者相关作品
  • 分类相关作品
  • 丛书相关作品
  • 出版社相关作品

书目信息

  • 表格格式
  • 工作单格式
  • 卡片格式
题名:
化工产品手册
    
 
作者: 莒晓艳 , 朱领地 , 王月欣 编
分册:   染整助剂
出版信息: 北京   化学工业出版社  2016.1
页数: 283页
开本: 21cm
丛书名:
单 册:
中图分类: TQ072 , TS190.2
科图分类:
主题词: 化工产品--手册 , 染整--印染助剂--手册
电子资源:
ISBN: 978-7-122-24272-3
000 01010nam0 2200301 45
001 012001000923
005 20211012150051.13
010    @a978-7-122-24272-3@dCNY68.00
100    @a20160202d2016 em y0chiy50 ea
101 0  @achi
102    @aCN@b110000
105    @ay z 001yy
106    @ar
200 1  @a化工产品手册@Ahua gong chan pin shou ce@i染整助剂@b专著@f莒晓艳,朱领地,王月欣等编
205    @a6版
210    @a北京@c化学工业出版社@d2016.1
215    @a283页@d21cm
304    @a英文共同题名:Handbook of chemical products
330    @a本书共收集染整助剂450余种,主要为纺织印染领域应用的化学品,每个产品有中英文名称、组成或结构、物化性质、质量标准、用途、制法、安全性及参考生产单位。
606 0  @a化工产品@j手册
606 0  @a染整@x印染助剂@j手册
690    @aTQ072@v5
690    @aTS190.2@v5
701  0 @a莒晓艳@Aju xiao yan@4编
701  0 @a朱领地@Azhu ling di@4编
701  0 @a王月欣@Awang yue xin@4编
801  0 @aCN@bBJSDL@c20211011
905    @b1332383-6@dTQ072@e578=6@f4
    
    化工产品手册.染整助剂/莒晓艳,朱领地,王月欣等编.-6版.-北京:化学工业出版社,2016.1
    283页;21cm
    
    
    ISBN 978-7-122-24272-3:CNY68.00
    本书共收集染整助剂450余种,主要为纺织印染领域应用的化学品,每个产品有中英文名称、组成或结构、物化性质、质量标准、用途、制法、安全性及参考生产单位。
●
相关链接 在E读中查询图书 在五车中查询图书 在当当中查询图书 在豆瓣中查询图书


正题名:化工产品手册     索取号:TQ072/578=6         预约/预借

序号 登录号 条形码 馆藏地/架位号 状态 备注
1 1332383   213323839   第二样本阅览室/ [索取号:TQ072/578=6] 在馆    
2 1332384   213323848   第三借阅区/ [索取号:TQ072/578=6] 在馆    
3 1332385   213323857   第三借阅区/ [索取号:TQ072/578=6] 在馆    
4 1332386   213323866   第三借阅区/ [索取号:TQ072/578=6] 在馆    
唐山师范学院图书馆 欢迎您!
大连网信软件有限公司© 版权所有